[Event "Solymar op"]
[Site "Solymar"]
[Date "1996.??.??"]
[Round "?"]
[White "Balazs, Attila"]
[Black "Kahn, Evarth"]
[Result "0-1"]
[WhiteElo "2205"]
[BlackElo "2315"]
[PlyCount "61"]
[EventDate "1996.??.??"]
[EventType "swiss (rapid)"]
[EventRounds "7"]
[EventCountry "HUN"]
[SourceTitle "EXT 1999"]
[Source "ChessBase"]
[SourceDate "1998.11.16"]
[SourceVersion "1"]
[SourceVersionDate "1998.11.16"]
[SourceQuality "1"]

1. e4 c5 2. Nf3 d6 3. Nc3 Nf6 4. d4 cxd4 5. Nxd4 g6 6. Be2 Bg7 7. 0-0 0-0 8. Be3 a6 9. a4 Nbd7 10. a5 Qc7 11. f4 Nc5 12. Bf3 e5 13. Nde2 Be6 14. Kh1 Rad8 15. b4 Ncd7 16. Rc1 exf4 17. Bxf4 Ne5 18. Be3 Rc8 19. Bb6 Qe7 20. Nd5 Bxd5 21. exd5 Nxf3 22. Rxf3 Nxd5 23. Qxd5 Qxe2 24. Re3 Qc4 25. Qxd6 Bh6 26. Ree1 Bxc1 27. Rxc1 Rfe8 28. Qf6 Rc6 29. Qf3 Qe4 30. Qxe4 Rxe4 31. Bc5 0-1

[Event "Solymar op"]
[Site "Solymar"]
[Date "1996.??.??"]
[Round "?"]
[White "Lukacs, Peter"]
[Black "Balazs, Attila"]
[Result "1-0"]
[WhiteElo "2440"]
[BlackElo "2205"]
[PlyCount "71"]
[EventDate "1996.??.??"]
[EventType "swiss (rapid)"]
[EventRounds "7"]
[EventCountry "HUN"]
[SourceTitle "EXT 1999"]
[Source "ChessBase"]
[SourceDate "1998.11.16"]
[SourceVersion "1"]
[SourceVersionDate "1998.11.16"]
[SourceQuality "1"]

1. d4 Nf6 2. c4 g6 3. Nc3 c5 4. d5 d6 5. e4 Bg7 6. Nf3 0-0 7. Bd3 Bg4 8. h3 Bxf3 9. Qxf3 Nbd7 10. Qd1 a6 11. 0-0 Ne5 12. Be2 Rb8 13. a4 Re8 14. a5 b6 15. axb6 Qxb6 16. Qa4 Ra8 17. Qc2 Reb8 18. Ra3 Qb4 19. Nd1 Ned7 20. Bd2 Qb7 21. Bc3 Nb6 22. f4 Nfd7 23. Bxg7 Kxg7 24. Qc3+ Kg8 25. Qg3 Nf6 26. e5 Ne4 27. Qe3 f5 28. exf6 Nxf6 29. f5 Kg7 30. fxg6 hxg6 31. Qg5 Ne4 32. Qf4 Nf6 33. Rg3 Nbd7 34. Bd3 Ne5 35. Bxg6 Nxg6 36. Qf5 1-0